| 000 | 00369cam a2200157ua 4500 | ||
|---|---|---|---|
| 041 |
_aeng _h |
||
| 082 |
_a823.308 _bMAL/KI |
||
| 100 | _aMalory, . | ||
| 245 |
_aKing Arthur and his knights / _cMalory. _hTextual Documents |
||
| 250 |
_a1 / _b. |
||
| 260 |
_aLondon : _bE J Arnold & Son Ltd. |
||
| 300 | _a96 ; . | ||
| 504 | _a | ||
| 942 | _cBK | ||
| 999 |
_c7603 _d7603 |
||